UITU Library & LRC     

Brand-Air (Airtime Content Calculator) (Record no. 33448)

MARC details
000 -LEADER
fixed length control field 00622nam a2200145Ia 4500
008 - FIXED-LENGTH DATA ELEMENTS--GENERAL INFORMATION
fixed length control field 260210s9999 xx 000 0 und d
024 ## - OTHER STANDARD IDENTIFIER
Standard number or code 17B-063-SE, 17B-027-SE, 17B-024-SE, 17B-006-SE & 17B-011-SE
082 ## - DEWEY DECIMAL CLASSIFICATION NUMBER
Classification number 004.09072 SYE
100 ## - MAIN ENTRY--PERSONAL NAME
Personal name Syed Mohammad Usaid, Hamzah Khalid, Muhammad Ali Hassan, Kainat Nazir & Fizah Imtiaz
245 #0 - TITLE STATEMENT
Title Brand-Air (Airtime Content Calculator)
260 ## - PUBLICATION, DISTRIBUTION, ETC.
Place of publication, distribution, etc. Karachi:
Name of publisher, distributor, etc. UITU,
Date of publication, distribution, etc. 2017
600 ## - SUBJECT ADDED ENTRY--PERSONAL NAME
Personal name Software Engineering
650 ## - SUBJECT ADDED ENTRY--TOPICAL TERM
Topical term or geographic name entry element Bachelor of Computer Science (BS)
856 ## - ELECTRONIC LOCATION AND ACCESS
Uniform Resource Identifier <a href="https://drive.google.com/file/d/1qKdiK0RhURz2ox2JBgBWeDP43FJtjym7/view?usp=sharing">https://drive.google.com/file/d/1qKdiK0RhURz2ox2JBgBWeDP43FJtjym7/view?usp=sharing</a>
Link text Click here for PDF

No items available.

Powered by Koha